000 02255nam a22004217a 4500
001 0065996
003 KOHA_MİRAKIL
005 20260207004624.0
007 ta
008 210304b1985 tu a|||gr||||#0|||0|eng |
040 _aTR-BiSEU
_btur
_cTR-BiSEU
_erda
041 0 _aeng
_aota
044 _ctu
050 _aDR523
_b.A94 1985
100 0 _aAziz Efendi.
240 1 0 _aKanunname-yi sultanı li Aziz Efendi : on yedinci yüzyılda bir Osmanlı devletadamının ıslahat teklifleri
_lİngilizce
245 1 _aKanûn-nâme-i sultânı li 'Aziz Efendi =
_bAziz Efendi's Book of sultanic laws and regulations :
_ban agenda for reform by a seventeenth-century Ottoman statesman =
_bKanunname-yi sultanı li Aziz Efendi :
_bon yedinci yüzyılda bir Osmanlı devletadamının ıslahat teklifleri/
_cAziz Efendi ; Edited and translated from the unique manuscript in the Oriental Manuscripts Department of the Preussischer Kulturbesitz in West Berlin by Rhoads Murphey ; edited by Şinasi Tekin, Gönül AlpayTekin.
264 1 _a[Cambridge, Mass.] :
_bPrinted at Harvard University Office of the University Publisher
_c1985
300 _aix, 82 pages :
_billustrations ;
_c28 cm
336 _ametin
_btxt
_2rdacontent
337 _aaracısız
_bn
_2rdamedia
338 _acilt
_bnc
_2rdacarrier
490 1 _aDoğu dilleri ve edebiyatlarının kaynakları ;
_v9.
490 1 _a Türkçe kaynaklar ;
_v8 =
_a Sources of Oriental languages and literatures ;
_v9.
490 1 _a Turkish sources ;
_v8
500 _aIntroduction and notes in English; text in English, romanized Ottoman, and facsimile.
500 _aAdded t.p. in Turkish.
500 _aIll. on inside front and back covers.
500 _aIncludes bibliographical references (pages iv-v).
500 _aIntroduction and notes in English; text in English, romanized Ottoman, and facsimile.
650 0 _aTurkey--Politics and government.
_97156
650 0 _aTurkey--History --Wars with Persia, 1576-1639.
_9124310
830 1 _aDoğu dilleri ve edebiyatlarının kaynakları ;
_v9.
_985097
830 1 _a Türkçe kaynaklar ;
_v8 =
_a Sources of Oriental languages and literatures ;
_v9.
_9124189
830 1 _a Turkish sources ;
_v8
_9124190
907 _aTarih
942 _2lcc
_cBK
999 _c66379
_d66379